Internal-combustion engines (Record no. 20584)

000 -LEADER
fixed length control field 00522nam a22001931 4500
001 - CONTROL NUMBER
control field 20584
003 - CONTROL NUMBER IDENTIFIER
control field BD-DhUET
008 - FIXED-LENGTH DATA ELEMENTS--GENERAL INFORMATION
fixed length control field 750306s1945 nyua b 000 0 eng
040 ## - CATALOGING SOURCE
Original cataloging agency DLC
Transcribing agency DLC
Modifying agency BD-DhUET
082 ## - DEWEY DECIMAL CLASSIFICATION NUMBER
Classification number 621.43
Item number MAL/1945
100 ## - MAIN ENTRY--PERSONAL NAME
Personal name Maleev, V. L.
245 10 - TITLE STATEMENT
Title Internal-combustion engines
Remainder of title theory and design
250 ## - EDITION STATEMENT
Edition statement 2nd ed.
260 ## - PUBLICATION, DISTRIBUTION, ETC. (IMPRINT)
Place of publication, distribution, etc. London
Name of publisher, distributor, etc. McGraw-Hill
Date of publication, distribution, etc. 1945
300 ## - PHYSICAL DESCRIPTION
Extent xii, 636 p.
Other physical details ill.
Dimensions 22 cm.
504 ## - BIBLIOGRAPHY, ETC. NOTE
Bibliography, etc Includes bibliographies
650 #0 - SUBJECT ADDED ENTRY--TOPICAL TERM
Topical term or geographic name as entry element Internal combustion engines
942 ## - ADDED ENTRY ELEMENTS (KOHA)
Koha item type General Book
Holdings
Source of classification or shelving scheme Location (home branch) Koha item type Sublocation or collection (holding branch) Date acquired Lost status Price effective from Koha full call number Shelving location Copy number Withdrawn status Not for loan Koha date last seen Koha normalized classification for sorting Damaged status Piece designation (barcode)
 Central Library, BUETGeneral BookCentral Library, BUET2015-04-12 2015-04-12621.43/MAL/1945Circulation section1  2015-04-12621_430000000000000_MAL_1945 20397
 Central Library, BUETGeneral BookCentral Library, BUET2015-04-13 2015-04-13621.43/MAL/1945Circulation section2  2015-04-13621_430000000000000_MAL_1945 6558
 Central Library, BUETGeneral BookCentral Library, BUET2015-04-13 2015-04-13621.43/MAL/1945Circulation section3  2015-04-13621_430000000000000_MAL_1945 1951a
 Central Library, BUETGeneral BookCentral Library, BUET2015-04-18 2015-04-18621.43/MAL/1945Circulation section4  2015-04-18621_430000000000000_MAL_1945 11309
 Central Library, BUETReading ItemCentral Library, BUET2015-06-16 2015-06-16621.43/MAL/1945Reading section5  2015-06-16621_430000000000000_MAL_1945 43348
 Central Library, BUETReading ItemCentral Library, BUET2015-06-30 2015-06-30621.43/MAL/1945Reading section6  2015-06-30621_430000000000000_MAL_1945 16327
 Central Library, BUETReading ItemCentral Library, BUET2015-07-02 2015-07-02621.43/MAL/1945Reading section7  2015-07-02621_430000000000000_MAL_1945 43347